| 000 | 03126nam a22003375a 4500 | ||
|---|---|---|---|
| 003 | EG-ScBUE | ||
| 005 | 20221020101146.0 | ||
| 008 | 150707s2014 enka f b 000 0 eng d | ||
| 020 | _a9781108068420 | ||
| 020 | _a9781108068413 | ||
| 040 |
_aEG-ScBUE _beng _erda _cEG-ScBUE _dEG-ScBUE _dEG-ScBUE |
||
| 082 | 0 | 4 |
_a720.9 _bHOP _222 |
| 100 | 1 |
_aHope, Thomas, _d1770?-1831, _eauthor. _938939 |
|
| 245 | 1 | 3 |
_aAn historical essay on architecture / _cThomas Hope. |
| 264 | 1 |
_aCambridge : _bCambridge University Press, _c2014. |
|
| 300 |
_a2 volumes : _billustrations ; _c24 cm. |
||
| 490 | 0 |
_aCambridge library collection. _aBooks of enduring scholarly value |
|
| 500 | _aIllustrated from drawings made by him in Italy and Germany. | ||
| 500 | _aThis digitally printed version 2014. | ||
| 500 | _aVolume 1 includes general index : p. 493-525. | ||
| 500 | _aVolume 2 includes analytical index : (89 page). | ||
| 504 | _aIncludes bibliographical references. | ||
| 505 | _aVolume 1. [Text] -- Volume 2. Illustrations. | ||
| 520 | _aCover-Volume 1 : "With a fondness for classic antiquities and neoclassical design, the connoisseur Thomas Hope (1769-1831) sought to influence Georgian taste by promoting informed interior decoration, displaying his own considerable art collection, and writing with insight on aesthetic topics. This two-volume work, originally published posthumously in 1835, traces the evolution of Western architecture since antiquity. Hope was a keen traveller, and the examples he cites are drawn from buildings that he studied on journeys through Europe and beyond, notably in those countries bordering the Mediterranean. Reissued here in the third edition that appeared in 1840, Volume 1 examines how religions, climates, landscapes and prevailing mores shaped the architectural preferences of civilisations from ancient Egypt to the Gothic revival, as well as how different cultures adapted foreign or ancient architectural innovations for their own ends.". | ||
| 520 | _aCover-Volume 2 : "With a fondness for classic antiquities and neoclassical design, the connoisseur Thomas Hope (1769-1831) sought to influence Georgian taste by promoting informed interior decoration, displaying his own considerable art collection, and writing with insight on aesthetic topics. This two-volume work, originally published posthumously in 1835, traces the evolution of Western architecture since antiquity. Hope was a keen traveller, and the examples he cites are drawn from buildings that he studied on journeys through Europe and beyond, notably in those countries bordering the Mediterranean. Volume 2 Contains the precise line drawings that accompanied the first edition, showcasing many western European and ecclesiastical buildings and details. The work's analytical index, which appeared in 1836, is illustrated with wood engravings of feature mentioned in the text and has been incorporated in this reissue.". | ||
| 650 | 7 |
_aArchitecture _xHistory. _2BUEsh |
|
| 651 | _2BUEsh | ||
| 653 |
_bENGGEN _bENGARC _cJuly2015 _cDecember2015 _cFebruary2016 |
||
| 655 | _vReading book | ||
| 942 |
_2ddc _cBB |
||
| 999 |
_c20264 _d20236 |
||